000 00725nam a22002537a 4500
003 LK-CoDNM
005 20241218150842.0
008 241218b |||||||| |||| 00| 0 eng d
040 _aLK-CoDNM
_dLK-CoDNM
_eLK-CoDNM
041 _aeng
080 _a2
_bC6
100 _aCushman,Josheph A
245 _aNew arenaceous foraminifera from the Philippine island and Contiguous waters
260 _agoverment printing office
_bwashington
_c1912
300 _a3p. : 24 cm
490 _aVol 42
650 _aANNANDALE , NELSON
650 _aNew arenaceous foraminifera from the Philippine island and Contiguous waters
650 _a2 c 6
650 _avol 42
650 _a1912
650 _ascience
942 _cBK
999 _c233473
_d233473